ノイタミナ枠のアニメ - Statistics

General Stats
  • This quiz has been taken 62 times
  • The average score is 12 of 82
Answer Stats
放送年 タイトル % Correct
2012~2013・2014年 PSYCHO-PASS サイコパス
46%
2014年 PSYCHO-PASS サイコパス 2
46%
2019年 PSYCHO-PASS サイコパス 3
46%
2022年 よふかしのうた(第1期)
39%
2022~2023年 うる星やつら(2022年版・第1期)
28%
2024年 うる星やつら(2022年版・第2期)
28%
2024年 るろうに剣心 -明治剣客浪漫譚- 京都動乱
26%
2023年 るろうに剣心 -明治剣客浪漫譚-(2023年版・第一期)
26%
2007年 もやしもん
24%
2009年 東のエデン
24%
2010年 もやしもん(ドラマ版)
24%
2012年 もやしもん リターンズ
24%
2016年 僕だけがいない街
24%
2009年 東京マグニチュード8.0
24%
2019・2020年 約束のネバーランド(Season 1)
24%
2021年 約束のネバーランド(Season 2)
24%
2005年 ハチミツとクローバー
22%
2006年 ハチミツとクローバーII
22%
2013年 銀の匙 Silver Spoon
22%
2014年 銀の匙 Silver Spoon(第2期)
22%
2007年 のだめカンタービレ
20%
2008年 のだめカンタービレ 巴里編
20%
2010年 のだめカンタービレ フィナーレ
20%
2014~2015年 四月は君の嘘
20%
2006年 怪 〜ayakashi〜
20%
2011年 C
20%
2012年 坂道のアポロン
17%
2014年 残響のテロル
17%
2020年 富豪刑事 Balance:UNLIMITED
17%
2010・2022年 四畳半神話大系
15%
2011~2012年 ギルティクラウン
15%
2012・2020年 つり球
15%
2015年 冴えない彼女の育てかた
15%
2016年 舟を編む
15%
2017年 冴えない彼女の育てかた♭
15%
2021~2022年 王様ランキング
15%
2023年 王様ランキング 勇気の宝箱
15%
2011・2013年 あの日見た花の名前を僕達はまだ知らない。
13%
2018年 ヲタクに恋は難しい
13%
2015年 乱歩奇譚 Game of Laplace
13%
2007年 モノノ怪
11%
2008年 図書館戦争
11%
2009年 空中ブランコ
11%
2012年 夏雪ランデブー
11%
2013年 刀語
11%
2013~2014年 サムライフラメンコ
11%
2016年 甲鉄城のカバネリ
11%
2019年 さらざんまい
11%
2021年 平穏世代の韋駄天達
11%
2024年 先輩はおとこのこ
11%
2012年 ブラック★ロックシューター(2012年シリーズ)
11%
2010年 屍鬼
9%
2010年 海月姫
9%
2011年 フラクタル
9%
2013年 ガリレイドンナ
9%
2014年 龍ヶ嬢七々々の埋蔵金
9%
2015年 パンチライン
9%
2018年 恋は雨上がりのように
9%
2018年 BANANA FISH
9%
2015年 すべてがFになる THE PERFECT INSIDER
9%
2006年 獣王星
7%
2006年 働きマン
7%
2008年 墓場鬼太郎
7%
2010年 さらい屋 五葉
7%
2011年 うさぎドロップ
7%
2016年 バッテリー
7%
2017年 クズの本懐
7%
2017年 いぬやしき
7%
2019年 ギヴン
7%
2017年 DIVE!!
7%
2011年 NO.6
7%
2005年 Paradise Kiss
7%
2014年 ピンポン THE ANIMATION
7%
2011年 UN-GO
7%
2008年 西洋骨董洋菓子店 〜アンティーク〜
4%
2011年 放浪息子
4%
2020年 うちタマ?! 〜うちのタマ知りませんか?〜
4%
2021年 バクテン!!
4%
2021年 2.43 清陰高校男子バレー部
4%
2012年 テルマエ・ロマエ(DLE版)
4%
2009年 源氏物語千年紀 Genji
4%
2012~2013年 Robotics;Notes
4%
No matching quizzes found
Score Distribution
Percent of People with Each Score
Percentile by Number Answered
Your Score History
You have not taken this quiz